01126 2200301 4500001002100000005001500021035002000036007000300056008004100059020001500100082001000115084001600125100003300141245014200174250002000316300002500336700003800361700001900399520021800418600002000636600002300656740001800679264003700697336002100734337003000755338002300785990001600808INLIS00000000000070420260508012607 a0010-0526000160ta260508 g 0 ind  a9791708886 a649.1 a649.1 DUN c0 aDuncan, Stephen FePengarang1 aCara penuh cinta dalam mendampingi tumbuh kembang anak /cStephen F. Duncan, et. al. ; penerjemah, Dr. Ainurrokhim, M.Pd ; penyunting, Al acetakan pertama a156 halaman ;c23 cm0 aDr. Ainurrokhim, M.PdePenerjemah0 aAlePenyunting aDengan buku ini ditangan anda, anda memiliki kesempatan emas untuk membantu anak-anak membuat pilihan perilaku yang pantas yang pada gilirannya, dapat mengarahkan pada pengembangan disiplin diri dan kesopanan anak 4aPengasuhan anak 4aOrang tua dan anak aLove learning aJogjakarta :bImage Press,c2009 2rdacontentateks 2rdamediaatanpa perantara 2rdacarrieravolume aKC001046/19